| 000 | 00607nam a2200241 a 4500 | ||
|---|---|---|---|
| 001 | nice12345678 | ||
| 003 | IN_TiNIC | ||
| 005 | 20260116011749.0 | ||
| 008 | 050524s1966 hyda grp 000 0 urd | ||
| 020 |
_a _c10 |
||
| 082 | 0 | 0 |
_a305.6297 _bABD |
| 100 | _aAbdul Lateef, Syed | ||
| 245 | _aMubadiyat-E-Tahzeeb-E-Islami | ||
| 260 |
_aHyderabad _bInst.Of Indo-Middle East Cultural Studie _c1966 |
||
| 300 | _a109p | ||
| 500 | _aincludes index and biblioraphy | ||
| 505 | 2 | _aIndex | |
| 650 | _aIslamic-Culture | ||
| 700 | 1 | _aAbdul Lateef, Syed | |
| 902 | _bSRS | ||
| 942 | _cBK | ||
| 999 |
_c3777 _d3777 |
||